Normal view MARC view
  • SUPERVISOR ASST. PROF. DR. FARHAN RIAZ

Entry Personal Name

Number of records used in: 1

001 - CONTROL NUMBER

  • control field: 71663

003 - CONTROL NUMBER IDENTIFIER

  • control field: NUST

005 - DATE AND TIME OF LATEST TRANSACTION

  • control field: 20210628204650.0

008 - FIXED-LENGTH DATA ELEMENTS

  • fixed length control field: 210628|| aca||aabn | a|a d

040 ## - CATALOGING SOURCE

  • Original cataloging agency: NUST
  • Transcribing agency: NUST

100 ## - HEADING--PERSONAL NAME

  • Personal name: SUPERVISOR ASST. PROF. DR. FARHAN RIAZ

670 ## - SOURCE DATA FOUND

  • Source citation: Work cat.: (NUST): NC ABEERAH KHAN PC NISMAH SALEEM 71662, PR-SOF-1653-AN IoT BASED LOCATION AWARE HEALTH MONITORING SYSTEM FOR FIELD WORKERS USING PPG SIGNAL, 2017
© 2023 Central Library, National University of Sciences and Technology. All Rights Reserved.